Statistiken für Alle PDC Premier League Darts Teilnehmer 2011

Klicken Sie hier um das Quiz zu spielen!

Allgemein

  • Dieses Quiz wurde 30 mal gespielt
  • Das Durchschnittsergebnis liegt bei 6 aus 8

Antwortstatistiken

RankingLandDartsspieler% Korrekt
1EnglandPhil Taylor
96%
2NiederlandeRaymond van Barneveld
96%
3SchottlandGary Anderson
92%
6AustralienSimon Whitlock
92%
4EnglandAdrian Lewis
80%
5EnglandJames Wade
80%
8WalesMark Webster
48%
7EnglandTerry Jenkins
36%

Verteilung der Resultate

Perzentil nach korrekt beantworteten Fragen

Anzahl Personen mit jedem Resultat

Ihre Resultats-Entwicklung

Sie haben dieses Quiz noch nicht gespielt